Tekirdağ tarihi araştırmaları. (Record no. 45162)

MARC details
000 -LEADER
fixed length control field 00581cam a22002171 4500
001 - CONTROL NUMBER
control field ne 62000940
003 - CONTROL NUMBER IDENTIFIER
control field DLC
005 - DATE AND TIME OF LATEST TRANSACTION
control field 20260227111736.0
008 - FIXED-LENGTH DATA ELEMENTS--GENERAL INFORMATION
fixed length control field 890331s1949 tu ab 000 0 tur
010 ## - LIBRARY OF CONGRESS CONTROL NUMBER
LC control number ne 62000940
035 ## - SYSTEM CONTROL NUMBER
System control number (OCoLC)23547871
040 ## - CATALOGING SOURCE
Original cataloging agency DLC
Transcribing agency MiU
Modifying agency DLC
042 ## - AUTHENTICATION CODE
Authentication code premarc
043 ## - GEOGRAPHIC AREA CODE
Geographic area code a-tu---
050 00 - LIBRARY OF CONGRESS CALL NUMBER
Classification number DR701.T4
Item number C4
100 1# - MAIN ENTRY--PERSONAL NAME
Personal name Çevik, Hikmet.
245 00 - TITLE STATEMENT
Title Tekirdağ tarihi araştırmaları.
260 ## - PUBLICATION, DISTRIBUTION, ETC.
Place of publication, distribution, etc. İstanbul,
Name of publisher, distributor, etc. A. Sait Basımevı,
Date of publication, distribution, etc. 1949.
300 ## - PHYSICAL DESCRIPTION
Extent viii, 274 p.
Other physical details illus., fold. map.
Dimensions 22 cm.
651 #0 - SUBJECT ADDED ENTRY--GEOGRAPHIC NAME
Geographic name Tekirdağ İli (Turkey)

No items available.

Powered by Koha